000 00660cam a2200217 4500
008 000000n2000 000 0 eng u
020 _a0750650478
035 _a(Sirsi) u105591
050 _a692.2
110 _aChartered Institution of Building Services Engineers
_92360
245 _aBuilding control systems
_bCIBSE Guide H
260 _aOxford
_bButterworth Heinemann
_c2000
300 _a1v.
_fvarious pagings
_bill.
_c30cm.
350 _a75
490 _aCIBSE Guide
_vH
650 _aBUILDING CONTROL
_96222
650 _aBUILDING REGULATIONS
_96224
650 _aBUILDING SYSTEMS
690 _aBUILT ENVIRONMENT-BUILDING STANDARDS
942 _n0
999 _c100430
_d100430